| 000 | 00852nam a2200265 i 4500 | ||
|---|---|---|---|
| 001 | 000006100 | ||
| 003 | DO-SdBNP | ||
| 005 | 20250501102411.0 | ||
| 007 | ta | ||
| 008 | 250501s2009 dr 000 0 spa d | ||
| 040 |
_aDO-SdBNP _bspa _cBNPHU _erda |
||
| 041 | _hspa | ||
| 082 |
_axxx _bR436 _222 |
||
| 110 | _9447 | ||
| 245 | 1 | 0 |
_aResolución 355-09 : _breglamento para la regulación parcelaria y el deslinde |
| 246 |
_aResolución 388-09 : _bdisposición para obtener la suspensión de la ejecución de una sentencia en materia laboral o de amparo |
||
| 264 |
_aSanto Domingo : _bEditora no identificada, _c2009 |
||
| 300 |
_a20 páginas. ; _c22 cm. |
||
| 336 |
_ardacontent _btexto _2txt |
||
| 337 |
_ardamedia _bsin mediación _2n |
||
| 338 |
_ardacarrier _bvolumen _2nc |
||
| 590 | _aInventariado,2025/DG | ||
| 910 | _aDG | ||
| 942 |
_2ddc _cLF2 |
||
| 999 |
_c58889 _d58889 |
||